Mort subite - Noms d'épées - Statistiques

Statistiques générales
  • Ce quiz a été pris 253 fois
  • Le résultat moyen est 5 sur 10
Answers on the Grid
Answers color-coded by a green-red scale on the quiz's grid according to % correct below.
Claymore
Rapière
Cimeterre
Espadon
Flamberge
Glaive
Broadsword
Jian
Katana
Estoc
Djinn
Merquelon
Brochet
Furet
Lustucru
Épernon
Farfadet
Yōkai
Lyret
Fanion
 
Statistiques - réponses
Réponse % Correct
Katana
79%
Glaive
78%
Rapière
63%
Cimeterre
61%
Espadon
58%
Claymore
52%
Estoc
41%
Flamberge
30%
Broadsword
22%
Jian
6%
Aucun quiz correspondant
Distribution des résultats
% des personnes avec chaque résultat
Percentile par nombre de réponses
Votre historique - résultats
Vous n’avez pas pris ce quiz